| 000 | 00430nam a2200097Ia 4500 | ||
|---|---|---|---|
| 008 | 180130s9999 xx 000 0 und d | ||
| 245 |
_cWoerner, Jan; Woern, Heinz _aArchitecture integrated co-operative engineering platform for organised model exchange in a digital factory environment |
||
| 260 | _c2015 | ||
| 300 | _aBook title: Advanced computer architectures--Acession number C20541; pages 61-82 | ||
| 650 | _aCOMPUTER ARCHITECTURE | ||
| 999 |
_c354081 _d354081 |
||